NDE handbook : (Record no. 60773)
[ view plain ]
| 000 -LEADER | |
|---|---|
| fixed length control field | 01251pam a2200313 a 4500 |
| 001 - CONTROL NUMBER | |
| control field | 4344640 |
| 003 - CONTROL NUMBER IDENTIFIER | |
| control field | NUST-PNEC |
| 005 - DATE AND TIME OF LATEST TRANSACTION | |
| control field | 20170116180707.0 |
| 008 - FIXED-LENGTH DATA ELEMENTS--GENERAL INFORMATION | |
| fixed length control field | 890803s1989 enka bf 000 0 eng |
| 010 ## - LIBRARY OF CONGRESS CONTROL NUMBER | |
| LC control number | 89022163 |
| 020 ## - INTERNATIONAL STANDARD BOOK NUMBER | |
| International Standard Book Number | 040804392X |
| Terms of availability | Ł55.00 |
| 040 ## - CATALOGING SOURCE | |
| Transcribing agency | PNEC |
| 041 1# - LANGUAGE CODE | |
| Language code of text/sound track or separate title | eng |
| Language code of original | dan |
| 050 00 - LIBRARY OF CONGRESS CALL NUMBER | |
| Classification number | TA417.2 |
| Item number | .N46513 1989 |
| 082 00 - DEWEY DECIMAL CLASSIFICATION NUMBER | |
| Classification number | 670 BOX |
| 100 ## - MAIN ENTRY--PERSONAL NAME | |
| 9 (RLIN) | 387 |
| Personal name | Boving Knud G |
| 130 0# - MAIN ENTRY--UNIFORM TITLE | |
| Uniform title | NDE ståbi. |
| Language of a work | English. |
| 245 10 - TITLE STATEMENT | |
| Title | NDE handbook : |
| Remainder of title | non-destructive examination methods for condition monitoring / |
| Statement of responsibility, etc. | edited by Knud G. Bøving (The Danish Maintenance Society (Den Danske vedligeholdsforening--DDV)) ; [English translation by Frank Bason]. |
| 260 ## - PUBLICATION, DISTRIBUTION, ETC. | |
| Place of publication, distribution, etc. | London ; |
| -- | Boston : |
| Name of publisher, distributor, etc. | Butterworths, |
| Date of publication, distribution, etc. | 1989. |
| 300 ## - PHYSICAL DESCRIPTION | |
| Extent | vii, 418 p. : |
| Other physical details | ill. ; |
| Dimensions | 24 cm. |
| 500 ## - GENERAL NOTE | |
| General note | Translation of: NDE ståbi. http://www.amazon.fr/Nde-Handbook-Non-Destructive-Examination-Monitoring/dp/040804392X/ref=sr_1_1?ie=UTF8&qid=1411803236&sr=8-1&keywords=040804392X |
| 504 ## - BIBLIOGRAPHY, ETC. NOTE | |
| Bibliography, etc. note | Includes bibliographical references. |
| 648 ## - SUBJECT ADDED ENTRY--CHRONOLOGICAL TERM | |
| General subdivision | ME, AS |
| 650 #0 - SUBJECT ADDED ENTRY--TOPICAL TERM | |
| Topical term or geographic name entry element | Nondestructive testing |
| Form subdivision | Handbooks, manuals, etc. |
| 700 1# - ADDED ENTRY--PERSONAL NAME | |
| Personal name | Bøving, Knud G. |
| 710 2# - ADDED ENTRY--CORPORATE NAME | |
| Corporate name or jurisdiction name as entry element | Danske vedligeholdsforening. |
| 906 ## - LOCAL DATA ELEMENT F, LDF (RLIN) | |
| a | 7 |
| b | cbc |
| c | orignew |
| d | 1 |
| e | ocip |
| f | 19 |
| g | y-gencatlg |
| 942 ## - ADDED ENTRY ELEMENTS (KOHA) | |
| Source of classification or shelving scheme | |
| Koha item type | Book |
| Withdrawn status | Lost status | Source of classification or shelving scheme | Damaged status | Not for loan | Permanent Location | Current Location | Shelving location | Date acquired | Source of acquisition | Cost, normal purchase price | Total Checkouts | Full call number | Barcode | Date last seen | Cost, replacement price | Price effective from | Koha item type |
|---|---|---|---|---|---|---|---|---|---|---|---|---|---|---|---|---|---|
| Pakistan Navy Engineering College (PNEC) | Pakistan Navy Engineering College (PNEC) | Reference | 11/25/1992 | Pak Book Company | 3699.50 | 620.1127 BOX | PNECLIB-016921 | 09/27/2014 | 3699.50 | 11/25/1992 | Book |
